Dofus - Les gardiens de donjons - Statistiques

Statistiques générales
  • Ce quiz a été pris 751 fois
  • Le résultat moyen est 63 sur 104
Statistiques - réponses
Donjon Gardien % Correct
Cour du Bouftou Royal Bouftou Royal
98%
Grange du Tournesol Affamé Tournesol Affamé
96%
Crypte de Kardorim Kardorim
93%
Château ensablé Mob l'éponge
91%
Château du Wa Wabbit Wa Wabbit
85%
Donjon des tofus Batofu
82%
Nid du Kwakwa Kwakwa
82%
Tofulailler Royal Tofu Royal
81%
Donjon des bworks Bworkette
80%
Antre du Dragon Cochon Dragon Cochon
80%
Cache de Kankreblath Kankreblath
79%
Tanière du Meulou Meulou
79%
Caverne du Koulosse Koulosse
78%
Arbre de Moon Moon
78%
Bibliothèque du Maitre Corbac Maitre Corbac
75%
Centre du Labyrinthe du Minotoror Minotoror
75%
Grotte du Bworker Bworker
74%
Serre du Royalmouth Royalmouth
74%
Donjon des scarafeuilles Scarafeuille doré
74%
Donjon des larves Shin Larve
74%
Clairière du Chêne Mou Chêne Mou
73%
Salle du Minotot Minotot
73%
Repaire de Skeunk Skeunk
73%
Canopée du Kimbo Kimbo
72%
Caverne du Kolosso Kolosso
72%
Antre du Kralamour Géant Kralamour Géant
72%
Fabrique de Malléfisk Malléfisk
72%
Excavation du Mansot Royal Mansot Royal
72%
Clos des Blops Blop Indigo Royal
71%
Grotte du Kanigroula Kanigroula
71%
Antre du Korriandre Korriandre
71%
Bateau du Chouque Le Chouque
71%
Donjon des rats de Bonta Rat Blanc
71%
Donjon des rats de Brâkmar Rat Noir
71%
Antre de la Reine Nyée Reine Nyée
71%
Antre du Blop Multicolore Royal Blop Multicolore Royal
70%
Laboratoire du Tynril Tynril
70%
Clos des Blops Blop Reinette Royal
69%
Forgefroide de Missiz Frizz Missiz Frizz
69%
Temple du Grand Ougah Ougah
69%
Caverne d'El Piko El Piko
68%
Laboratoire de Niléza Niléza
68%
Hypogée de l'Obsidiantre Obsidiantre
68%
Clos des Blops Blop Coco Royal
67%
Grotte Hesque Corailleur Magistral
67%
Salons privés de Klime Klime
67%
Boyau du Père Ver Père Ver
67%
Palais du Roi Nidas Roi Nidas
67%
Transporteur de Sylargh Sylargh
67%
Maison fantôme Boostache
65%
Ring du Capitaine Ekarlatte Capitaine Ekarlatte
65%
Repaire de Daigoro Daigoro
65%
Antichambre du Glourséleste Glourséleste
65%
Cave du Toxoliath Toxoliath
65%
Clos des Blops Blop Griotte Royal
64%
Mégalithe de Fraktale Fraktale
64%
Aquadôme de Merkator Merkator
64%
Miausolée du Pounicheur Pounicheur
64%
Chambre de Tal Kasha Tal Kasha
64%
Vaisseau du Capitaine Meno Capitaine Meno
63%
Défi du Chaloeil Chaloeil
63%
Palais de Dantinéa Dantinéa
63%
Gallerie du Phossile Phossile
63%
Domaine Ancestral Abraknyde Ancestral
62%
Camp du Comte Razof Comte Razof
62%
Belvédère d'Ilyzaelle Ilyzaelle
61%
Tour de Solar Solar
61%
Pyramide d'Ombre Ombre
60%
Horologium de XLII XLII
60%
Volière de la Haute Truche Haute Truche
59%
Oeil de Vortex Vortex
59%
Donjon du comte Comte Harebourg
57%
Donjon des craqueleurs Craqueleur Légendaire
57%
Donjon des rats du château d'Amakna Sphincter Cell
57%
Village Kanniboul Kanniboul Ebil
56%
Donjon des Dragoeufs Crocabulia
54%
Donjon des forgerons Coffre des forgerons
53%
Terrier du Wa Wabbit Wa Wobot
53%
Epave du Grolandais Violent Ben le Ripate
52%
Donjon des squelettes Chafer Ronin
52%
Laboratoire de Brumen Tictorias Nelween
50%
Gelaxième Dimension Gelée Royale Citron
49%
Gelaxième Dimension Gelée Royale Fraise
49%
Gelaxième Dimension Gelée Royale Menthe
46%
Caverne Givrefoux Tengu Givrefoux
46%
Cale de l'Arche d'Otomai Gourlo le Terrible
43%
Gelaxième Dimension Gelée Royale Bleue
42%
Trône de la cour sombre Reine des voleurs
42%
Théâtre de Dramak Maitre des Pantins
41%
Donjon des Firefoux Péki Péki
37%
Mine de Sakai Grolloum
31%
Repaire des pandikazes Maitre Pandore
31%
Ventre de la baleine Protozorreur
30%
Cimetière des mastodontes Mantiscore
27%
Chapiteau des Magik Riktus Choudini
26%
Temple de Koutoulou Larve de Koutoulou
25%
Plateau de Ush Ush Galesh
25%
Donjon des kitsounes Tanukoui San
23%
Caverne des bulbes Bulbig Brozeur
20%
Brasserie du Roi Dazak Dazak Martegel
18%
Manoir des Katrepat Anerice la Shushess
16%
Tour de Bethel Bethel Akarna
13%
Cavernes nourricières Fuji Givrefoux Nourricière
12%
Goulet du Rasboul Slif le Rasboul Majeur
9%
Aucun quiz correspondant
Distribution des résultats
% des personnes avec chaque résultat
Percentile par nombre de réponses
Votre historique - résultats
Vous n’avez pas pris ce quiz